00721nam a2200241Ia 4500008004100000040000600041041001400047082000800061082001000069100001800079245006200097245001800159260001300177260002800190260000900218300005500227300001200282365002500294650003100319942000700350999001900357952010300376141004s9999 xx 000 0 und d ca aMalayalam a100 bWIL/M aC.T. William aManava vibhava vikasana thathuachinthayum arthasasthravum cC.T. William aThrissur bKerala Sahithya Academy c2005 a113 p.  b21.5 cm aRs.70.00  ahuman resource development cBK c304755d304755 00104070aKAUCOFbKAUCOFg70.00l0o100 WIL/MpKAU_COF-3988r2014-10-04 00:00:00w2014-10-04yBK